RTG hrudníku, srdce a plic pro praxi /

Uložené v:
Podrobná bibliografia
Hlavní autori: Corne, Jonathan (Author), Carrol, Mary (Author), Brown, Ivan (Author), Delany, David (Author)
Ďalší autori: Václavík, Jan (Translator)
Médium: Kniha
Jazyk:Czech
English
Vydané: Praha : Grada Publishing, 2004.
Vydanie:První vydání
Témy:
ISBN: 8024707764
Fyzický popis: 116 strán : fotografie, ilustrácie ; 22 cm.
Tagy: Pridať tag
Žiadne tagy, Buďte prvý kto otaguje tento záznam!

MARC

LEADER 00000nam a2200000 i 4500
001 000000591
005 20230720142556.0
008 040317s2004 xr ao e n 001 0 cze d
020 |a 8024707764  |q (viazané) 
040 |a SVKKK  |b slo  |c SVKKK  |e rda 
041 1 |a cze  |h eng 
044 |a xr  |c CZ 
072 7 |a 617  |x Ortopédia. Chirurgia. Oftalmológia  |2 konspekt 
072 7 |a 616  |x Patológia. Klinická medicína  |2 konspekt 
080 |a 617.541  |2 2011 
080 |a 616.12  |2 2011 
080 |a 616.24  |2 2011 
080 |a 616-073.7  |2 2011 
080 |a (035)  |2 2011 
100 1 |a Corne, Jonathan  |4 aut 
240 1 0 |a Chest x-ray made easy.  |l Česky 
245 1 0 |a RTG hrudníku, srdce a plic pro praxi /  |c J. Corne, M. Carroll, I. Brown, D. Delany ; přeložil: Jan Václavík. 
250 |a První vydání 
264 1 |a Praha :  |b Grada Publishing,  |c 2004. 
300 |a 116 strán :  |b fotografie, ilustrácie ;  |c 22 cm. 
336 |a text  |b txt  |2 rdacontent 
337 |a bez média  |b n  |2 rdamedia 
338 |a zväzok  |b nc  |2 rdacarrier 
500 |a Obsahuje skratky 
504 |a Obsahuje register 
650 0 7 |a hrudník  |2 SVKKKPH 
650 0 7 |a srdce  |2 SVKKKPH 
650 0 7 |a pľúca  |2 SVKKKPH 
650 0 7 |a röntgenová diagnostika  |2 SVKKKPH 
650 0 7 |a chest  |2 SVKKKPHeng 
650 0 7 |a heart  |2 SVKKKPHeng 
650 0 7 |a lungs  |2 SVKKKPHeng 
650 0 7 |a roentgen diagnostics  |2 SVKKKPHeng 
655 7 |a príručky  |2 SVKKKPH 
655 7 |a handbooks and manuals  |2 SVKKKPHeng 
700 1 |a Carrol, Mary  |4 aut 
700 1 |a Brown, Ivan  |4 aut 
700 1 |a Delany, David  |4 aut 
700 1 |a Václavík, Jan  |4 trl 
910 |a svkkk 
919 |a 80-247-0776-4 
998 |a BK 
090 |g SCKHL  |k Sklad Pribinova 2. posch.  |a III.196334  |j 960022  |i 2720021762  |4 Nevymožiteľná  |s Vyradená 
090 |g SCKHL  |k Sklad Pribinova 2. posch.  |a III.198207  |j 965217  |i 2720028633  |4 Strata čitateľom  |s Vyradená 
090 |g SCKHL  |k Sklad Hlavná 10 prízemie  |a IV.245414  |j 1124043  |i 2721009631  |4 Xerokópia  |s Absenčne